Statistics for US Cities That Start With N

Click here to take the quiz!

General Stats

  • This quiz has been taken 48 times
  • The average score is 4 of 6

Answer Stats

Population City % Correct
8,537,673New York City
100%
660,388Nashville
80%
391,495New Orleans
80%
281,764Newark
58%
245,115Norfolk
40%
238,702North Las Vegas
40%

Score Distribution

Percentile by Number Answered

Percent of People with Each Score

Your Score History

You have not taken this quiz